000 00427pab a2200145 454500
008 180718b2005 xxu||||| |||| 00| 0 eng d
100 _aWilson, George
245 _aRace and job dismissal: Affrican American/White differences in their sources during the early work career
260 _c2005
300 _ap.1182-199.
362 _aMay
650 _aEthnic groups
773 _aAmerican Behavioral Scientist
909 _a64840
999 _c64840
_d64840